000 005240000a22001930004500
020 _a987-9403-37-1
041 0 _aSPA
082 0 4 _aG 259.425 L563p
100 1 _aLeón, Jorge A.
245 1 0 _aPsicología pastoral de la depresión / Jorge A. León
260 _aBuenos Aires, Argentina : Kairós
300 _a174 Pag
440 0 _aBiblioteca de Psicología Pastoral
001 6673
942 _cBK
999 _c36941
_d36941
336 _atexto
_btxt
_2rdacontent
337 _2rdamedia
_asin mediación
_bn
338 _2rdacarrier
_avolumen
_bnc